Logo BPK

Biblioteka

Politechniki Koszalińskiej

Kultura fizyczna w dokumentach papieskich i Episkopatu Polski w pierwszym dziesięcioleciu III Rzeczypospolitej 1989-1999 : (Rekord nr 44568)

Szczegóły MARC
000 -ETYKIETA REKORDU
podpole kontrolne o stałej długości 01011nam a2200253 i 4500
001 - NUMER KONTROLNY REKORDU
pole kontrolne bg
020 ## - MIĘDZYNARODOWY ZNORMALIZOWANY NUMER KSIĄŻKI - ISBN
ISBN 8371932200
040 ## - ŹRÓDŁO KATALOGOWANIA
Instytucja, która utworzyła rekord BPK
041 0# - KOD JĘZYKA
Kod języka tekstu pol
Kod języka streszczenia lub abstraktu eng
080 ## - UNIWERSALNA KLASYFIKACJA DZIESIĘTNA - UKD
UKD 261:796](075.8)
920 ## - Międzynarodowy znormalizowany numer książki – ISBN
ISBN 83-7193-220-0
008 - POLE O STAŁEJ DŁUGOŚCI - DANE KONTROLNE
podpole kontrolne o stałej długości s pl f |000 0 pol
100 1# - NAZWA OSOBOWA
Nazwa osobowa PONCZEK, Mirosław
Daty związane z nazwą (1947- )
245 10 - TYTUŁ/ODPOWIEDZIALNOŚĆ
Tytuł Kultura fizyczna w dokumentach papieskich i Episkopatu Polski w pierwszym dziesięcioleciu III Rzeczypospolitej 1989-1999 :
Ciąg dalszy tytułu materiały źródłowe dla studentów szkół wyższych : przypisy i komentarz historyczny oraz dobór dokumentów /
Pozostałe elementy strefy tytułu i oznaczenia odpowiedzialności Mirosław Ponczek ; Politechnika Częstochowska.
260 ## - STREFA ADRESU WYDAWNICZEGO
Miejsce wydania Częstochowa :
Nazwa wydawcy/dystrybutora Wydaw. PC,
Data publikacji, dystrybucji/powstania dokumentu 2003.
300 ## - STREFA OPISU FIZYCZNEGO
Objętość 63 s. ;
Rozmiary 24 cm.
500 ## - UWAGI OGÓLNE
Tekst uwagi Streszcz. ang.
504 ## - UWAGA DOTYCZĄCA BIBLIOGRAFII
Informacje o bibliografii Bibliogr.
650 #9 - HASŁO PRZEDMIOTOWE W FORMIE NAZWY OGÓLNEJ LUB JEDNOSTKOWEJ
Nazwa ogólna lub geograficzna Kościół katolicki
Określnik ogólny a wychowanie fizyczne i kultura fizyczna
Określnik chronologiczny od 1965 r.
650 #9 - HASŁO PRZEDMIOTOWE W FORMIE NAZWY OGÓLNEJ LUB JEDNOSTKOWEJ
Nazwa ogólna lub geograficzna Wychowanie fizyczne i kultura fizyczna
Określnik ogólny katolicyzm
655 ## - TERMIN INDEKSOWY - OKREŚLENIE RODZAJU/FORMY DOKUMENTU
Określenie rodzaju/formy dokumentu Podręczniki akademickie
710 #0 - HASŁO DODATKOWE - NAZWA CIAŁA ZBIOROWEGO
Nazwa ciała zbiorowego lub jednostki geograficznej Politechnika Częstochowska
856 ## - LOKALIZACJA I DOSTĘP DO ELEKTRONICZNYCH DOKUMENTÓW ZDALNYCH
Link (URL) http://koha.tu.koszalin.pl/cgi-bin/koha/opac-detail.pl?biblionumber=44568
Tekst linku Katalog online BPK
942 ## - DODATKOWE ELEMENTY (KOHA)
Typ dokumentu Książka
Egzemplarze
Wycofany Status egzemplarza Uszkodzony Dostępność Lokalizacja stała Lokalizacja bieżąca Miejsce przechowywania Sygnatura Kod kreskowy Typ dokumentu
      Dostępny Biblioteka Politechniki Koszalińskiej Biblioteka Politechniki Koszalińskiej Wypożyczalnia BG 71975 02176550 Książka
© 2023 Biblioteka Politechniki Koszalińskiej :: KOHA